01001cam a22002651 4500001001300000003000400013005001700017008004100034010001700075035001900092040004100111042001200152050001600164110004100180245003100221260005900252300003200311500017300343650004500516651003400561650005000595700003300645700004000678999001700718e 39000366 DLC20260227111228.0790919s1939 nyua s s000 0 eng c ae 39000366  a(OCoLC)5390477 aU.S. Off. of educ. LibrarycOCldDLC apremarc00aLA447b.N522 aUniversity of the State of New York.12aA generation of education. a[Albany?]bNew York state education department,c1939. a73 p.bdiagrs.c21 x 26 cm. a"The data were collected and arranged by Philip A. Cowen and the designing of the cover and symbols and the drawing of the charts were done by Joseph E. Page."--p. [1] 0aEducationzNew York (State)vStatistics. 0aNew York (State)vStatistics. 0aPublic schoolszNew York (State)vStatistics.1 aCowen, Philip Albert,d1899-1 aPage, Joseph Edward,d1912-eillus. c21677d21677